Statistics for X-Men Team Members

Click here to take the quiz!

General Stats

  • This quiz has been taken 357 times
    (274 since last reset)
  • The average score is 39 of 84

Answer Stats

ClueAnswer% Correct
Super strength, flight, invulnerability, reflexes and some telepathyM
94%
Optic Blasts (not lasers)Cyclops
89%
master of magnetismMagneto
89%
worlds most powerful telepath and visionaryProfessor X
86%
weather witchStorm
86%
best at what he does, but what he does isn't very niceWolverine
86%
Named for a Scottish wailing spiritBanshee
85%
telepathy, telekinesis, often the avatar for the phoenix forceMarvel Girl (Jean Grey)
85%
Former circus performer. Swash-bucking adventurerNightcrawler
84%
absorbs others abilities through touchRogue
83%
Shape shifting terroristMystique
81%
Blue or Grey, doggish or cattish, he's still one of the smartestBeast
79%
Cajun card throwerGambit
79%
can control the temperature of waterIceman
77%
solar powered plasma beamHavok
74%
fireworksJubilee
72%
phases through solid matterShadowcat
72%
time displaced freedom fighterCable
69%
no one can stop him. Half-brother of XavierJuggernaut
69%
Heart of a poet. Organic SteelColossus
66%
body-displaced psychic ninjaPsylocke
66%
Wings of a celestial beingAngel
64%
time displaced copBishop
63%
Not a mutant, but joined the Dark X-Men along with his colleague.
Has the ability to teleport himself and others
Cloak
62%
clone; healing, adamantium clawsX-23
61%
green hair, magnetic powersPolaris
60%
King of AtlantisNamor
59%
Has the ability to adapt to surviveDarwin
58%
Brazilian solar-powered mutantSunspot
58%
ruler of LimboMagik
56%
assassin who has beef with WolverineSabretooth
53%
teleports with daggersBlink
52%
can build anythingForge
52%
Telepath with diamond formWhite Queen
50%
Japanese solar-powered plasma mutantSunfire
49%
creates a protective shielding strengthened by the spirts of her ancestorsArmor
48%
Super luckyDomino
48%
time displaced telepath and telekineticPhoenix (Rachel Summers)
46%
Apache mutant with super strength, super speed, and flightWarpath
45%
ability to self propel - he is invulnerable when doing soCannonball
44%
Not a mutant, but joined the Dark X-Men along with her colleague.
Has the ability to make knives out of light.
Dagger
43%
can control lavaMagma
43%
Can create three dimensional images. Also a former ValkyrieMirage
42%
Apache mutant with super strength, super speed and super enduranceThunderbird
42%
Indian mutant with power to transform his own molecules into solar plasmaThunderbird II
42%
Can transform sound into lightDazzler
41%
Former X-Men training facility come to life in the fusion of
Shi'ar technology and spontaneous AI self awareness
Danger
39%
lucky interdimensional tv starLongshot
39%
first mutant born after M-dayHope Summers
37%
Each of his personalities has their own set of abilitiesLegion
37%
welsh fairy-like mutantPixie
37%
Can speak any languageCypher
36%
space dragonLockheed
35%
Super fast CanadienNorthstar
35%
can shed her skin. Each layer will have a different propertyHusk
34%
Telempath - can possess other's mindsKarma
34%
can copy any mutants abilityMimic
34%
Has technopathy and the ability to reshape plastic, metal and glassBox
33%
Chest cavity is replaced by psionic energy.Chamber
33%
can create time bombsBoomer
31%
sun for a headXorn
30%
external digestive systemsMaggot
29%
Third Summers brother with psionic powersVulcan
28%
Shapeshifting alienWarlock
28%
omega-level telepath/telekinetic from an alternate timelineX-Man
28%
Shape-shifter who replaced Professor X for a timeChangeling
27%
clone of magnetoJoseph
27%
Weapon XIII - faux Frenchmen, thief, assassin, scoundrelFantomex
26%
Super-genius Nazi hunterDoctor Nemesis
24%
cat-like alienHepzibah
21%
Mutant hunting cyborg turned allyOmega Sentinel
21%
body-displaced psychic ninja that died of the legacy virusRevanche
21%
can create transport through any doorwayAriel
20%
emit solar powered microwavesFirestar
20%
mutant with a brain with unlimited storageSage
20%
can create masterful illusionsLady Mastermind
19%
Body changes to give her the power to protect othersLifeguard
19%
Can create force fieldsDr. Cecilia Reyes
17%
pheromone manipulatingStacy X
17%
Shi'ar warriorWarbird
15%
can ride a "warp wave" to teleportSlipstream
14%
steel hard skin, super strength, former AcolyteFrenzy
12%
earth manipulating mutantPetra
10%
time altering mutantSway
10%

Score Distribution

Percentile by Number Answered

Percent of People with Each Score

Your Score History

You have not taken this quiz since the last reset